[Event "8th Chervonograd IM"]
[Site "Chervonograd UKR"]
[Date "2012.11.16"]
[Round "4.1"]
[White "Sychevskyy,Andriy"]
[Black "Tovmasian,V"]
[Result "0-1"]
[WhiteElo "2050"]
[BlackElo "2436"]

1.d4 d5 2.c4 e6 3.Nf3 Nf6 4.g3 Be7 5.Bg2 O-O 6.O-O dxc4 7.Qc2 a6 8.Qxc4 b5
9.Qc2 Bb7 10.Bd2 Be4 11.Qc1 Nc6 12.e3 b4 13.Rd1 Qd5 14.Ne1 Bxg2 15.Nxg2 e5
16.dxe5 Nxe5 17.Ne1 Rfd8 18.Qxc7 Rd7 19.Qc2 Rad8 20.a3 Qe4 21.Qc1 Nf3+ 22.Nxf3 Qxf3
23.Rf1 Ne4 24.Be1 Rd1 25.Qc2 b3  0-1

[Event "FIDE WCh Women World Cup"]
[Site "Khanty-Mansiysk RUS"]
[Date "2012.11.16"]
[Round "2.3"]
[White "Ju Wenjun"]
[Black "Zatonskih,A"]
[Result "1/2-1/2"]
[WhiteElo "2501"]
[BlackElo "2489"]

1.d4 d5 2.c4 e6 3.Nf3 Be7 4.g3 Nf6 5.Bg2 O-O 6.O-O dxc4 7.Qc2 a6 8.a4 Bd7
9.Rd1 Bc6 10.Nc3 Bxf3 11.Bxf3 Nc6 12.Bxc6 bxc6 13.Bg5 Rb8 14.Rac1 Rb3 15.Bxf6 Bxf6
16.Ne4 Rb4 17.e3 Qd5 18.Nc5 Ra8 19.Qe2 Be7 20.e4 Qd8 21.Rxc4 Bxc5 22.Rxc5 Rxd4
23.Rxd4 Qxd4 24.Rxc6 Qxa4 25.Rxc7 h6 26.Kg2 Rb8 27.Qf3 Qe8 28.b3 Rc8 29.Rb7 Rb8
30.e5 Rxb7 31.Qxb7 Qd8 32.Qxa6 Qd5+ 33.Kg1 Qxb3 34.Qa8+ Kh7 35.Qe4+ Kg8 36.Kg2 Qc3
37.h3 g6  1/2-1/2

[Event "WY BU18 2012"]
[Site "Maribor SLO"]
[Date "2012.11.16"]
[Round "9.42"]
[White "Sofranov,V"]
[Black "Sathyanandha,Sa"]
[Result "1-0"]
[WhiteElo "2191"]
[BlackElo "2055"]

1.d4 Nf6 2.c4 e6 3.g3 d5 4.Nf3 Be7 5.Bg2 O-O 6.O-O dxc4 7.Qc2 a6 8.Qxc4 b5
9.Qc2 Bb7 10.Bd2 Be4 11.Qc1 Bb7 12.e3 Qc8 13.b4 Nc6 14.Qb2 a5 15.bxa5 Nxa5
16.Rc1 Bd5 17.Nc3 Qb7 18.Nxd5 exd5 19.Ne5 Rfb8 20.Bxa5 Rxa5 21.Qc3 b4 22.Qxc7 Qxc7
23.Rxc7 b3 24.Nc6 b2 25.Nxe7+ Kf8 26.Rb1 Rxa2 27.Nxd5 Ra1 28.Nc3 Rb3 29.Rb7 Rxc3
30.Rxb2 Rc1+ 31.Rxc1 Rxc1+ 32.Bf1 Ne4 33.Kg2 Nd6 34.Bd3 h6 35.Kf3 Ke7 36.e4  1-0

[Event "VIII Governor's Cup"]
[Site "Khanty-Mansiysk RUS"]
[Date "2012.11.17"]
[Round "3.3"]
[White "Matlakov,M"]
[Black "Shimanov,A"]
[Result "1/2-1/2"]
[WhiteElo "2673"]
[BlackElo "2597"]

1.d4 e6 2.c4 Nf6 3.g3 d5 4.Nf3 Be7 5.Bg2 O-O 6.O-O dxc4 7.Qc2 a6 8.a4 Bd7
9.Rd1 Bc6 10.Nc3 Bxf3 11.Bxf3 Nc6 12.Bxc6 bxc6 13.a5 Rb8 14.Ra4 Rb4 15.Na2 Rxa4
16.Qxa4 Qb8 17.Qxc4 Qb7 18.Bg5 Qxb2 19.Bxf6 gxf6 20.Nc3 Rb8 21.Rb1 Rb4 22.Qxc6 Qc2
23.Rd1 Rb3 24.Rd3 Bb4 25.d5 exd5 26.Qxa6 Rxc3 27.Qc8+ Bf8 28.Qg4+ Kh8 29.Qc8 Kg8
30.Qg4+ Kh8 31.Qc8 Kg8  1/2-1/2

[Event "WY BU18 2012"]
[Site "Maribor SLO"]
[Date "2012.11.17"]
[Round "10.41"]
[White "Navalgund,N"]
[Black "Verhelst,J"]
[Result "1-0"]
[WhiteElo "2149"]
[BlackElo "1987"]

1.d4 Nf6 2.c4 e6 3.g3 d5 4.Nf3 Be7 5.Bg2 O-O 6.O-O dxc4 7.Qc2 b5 8.a4 b4
9.Nbd2 Nd5 10.Nxc4 Ba6 11.Rd1 Nd7 12.Na5 c5 13.Nc6 Qe8 14.e4 N5f6 15.d5 exd5
16.exd5 Bd6 17.Nd2 Nb6 18.Ne4 Nxe4 19.Bxe4 h6 20.Bf4 Bxf4 21.gxf4 Bb7 22.Re1 Qd7
23.Qxc5 Qg4+ 24.Kh1 Rfe8 25.Qxb4 Bxc6 26.dxc6 a5 27.f3 Qh4 28.Qxb6 f5 29.Bd5+ Kh7
30.Qg1  1-0

[Event "Siberian Bank Cup"]
[Site "Novosibirsk RUS"]
[Date "2012.11.17"]
[Round "2"]
[White "Sjugirov,S"]
[Black "Smirnov,P"]
[Result "1/2-1/2"]
[WhiteElo "2624"]
[BlackElo "2610"]

1.d4 Nf6 2.c4 e6 3.Nf3 d5 4.g3 Be7 5.Bg2 O-O 6.O-O dxc4 7.Qc2 a6 8.a4 Bd7
9.Rd1 Bc6 10.Nc3 Bxf3 11.Bxf3 Nc6 12.Bxc6 bxc6 13.Bg5 Rb8 14.e3 c5 15.dxc5 Qe8
16.Rd4 Rb4 17.Na2 Qxa4 18.Nxb4 Qxa1+ 19.Kg2 Qa5 20.Nc6 Qxc5 21.Nxe7+ Qxe7
22.Rxc4 c5 23.Bxf6 Qxf6 24.Rxc5 g6 25.b4 Qe7 26.Qd1  1/2-1/2

[Event "WY BU14 2012"]
[Site "Maribor SLO"]
[Date "2012.11.18"]
[Round "11.1"]
[White "Troff,Kayden W"]
[Black "Aravindh,Chithambaram VR."]
[Result "1-0"]
[WhiteElo "2350"]
[BlackElo "2311"]

1.d4 Nf6 2.c4 e6 3.g3 d5 4.Nf3 Be7 5.Bg2 O-O 6.O-O b6 7.cxd5 exd5 8.Nc3 Bb7
9.Ne5 c6 10.e4 dxe4 11.Nxe4 Nd5 12.Nc3 Na6 13.Nxd5 cxd5 14.Bf4 Bg5 15.Qg4 Bxf4
16.Qxf4 Nb4 17.a3 Nc6 18.Ng4 Na5 19.Ne3 Nb3 20.Rad1 Rc8 21.Rfe1 Re8 22.Nf5 Bc6
23.Rxe8+ Bxe8 24.Bxd5 Na5 25.Re1 Bc6 26.Qe5 Qxd5 27.Qxg7+  1-0

[Event "WY BU16 2012"]
[Site "Maribor SLO"]
[Date "2012.11.18"]
[Round "11.47"]
[White "Foo,William J"]
[Black "Djuricic,Domen"]
[Result "1-0"]
[WhiteElo "2072"]
[BlackElo "1868"]

1.d4 d5 2.Nf3 Nf6 3.c4 e6 4.g3 Be7 5.Bg2 O-O 6.O-O b6 7.cxd5 exd5 8.Nc3 Bb7
9.Bf4 Nh5 10.Be3 Nd7 11.Rc1 c6 12.Ne5 Nxe5 13.dxe5 g6 14.Bh6 Ng7 15.Kh1 Re8
16.e4 d4 17.Ne2 c5 18.f4 f5 19.Qb3+ Kh8 20.Qf7 Rg8 21.Bg5 Bxg5 22.Qxb7 Bh6
23.exf5 Rb8 24.Qe4 Nxf5 25.Bf3 Qe7 26.Rg1 Rbd8 27.Qd3 Ne3 28.b3 Rgf8 29.Qe4 g5
30.fxg5 Bxg5 31.Nf4 Bxf4 32.gxf4 Qe6 33.Rg5 Rfe8 34.Rcg1 Re7 35.Be2 Qh6 36.Bc4 Nxc4
37.bxc4 Qe6 38.Qg2 Qxc4 39.Rg7 Qe6 40.f5 Qxe5 41.Rg8+  1-0

[Event "Plzen Open 2012"]
[Site "Plzen CZE"]
[Date "2012.11.23"]
[Round "6"]
[White "Strebkovs,A"]
[Black "Golcman,E"]
[Result "1-0"]
[WhiteElo "2318"]
[BlackElo "2274"]

1.d4 Nf6 2.Nf3 d5 3.c4 e6 4.g3 Be7 5.Bg2 O-O 6.O-O c6 7.Qc2 Nbd7 8.Nbd2 b6
9.e4 dxe4 10.Nxe4 Nxe4 11.Qxe4 Bb7 12.Bf4 Nf6 13.Qe2 Rc8 14.Rfd1 Bd6 15.Ne5 Re8
16.c5 Be7 17.b4 Nd5 18.Qb2 Nxf4 19.gxf4 Qc7 20.Rac1 b5 21.Qb3 Bf8 22.Bh3 g6
23.Re1 Rcd8 24.Rcd1 Rd5 25.Bg2 Rdd8 26.Qf3 Rd5 27.Qg3 Rdd8 28.Re3 Bg7 29.Qh4 f6
30.Nf3 Bc8 31.Rde1 Re7 32.Bh3 Rde8 33.Nd2 e5 34.fxe5 fxe5 35.Bxc8 Qxc8 36.Nf3 Qf5
37.Nxe5 Bxe5 38.Rxe5 Rxe5 39.dxe5 Rxe5 40.Qd8+ Kf7 41.Qc7+ Kf6 42.Qxc6+ Kg5
43.Rxe5 Qxe5 44.Qxb5 Qe1+ 45.Kg2 Qe4+ 46.f3 Qc2+ 47.Kg3 h5 48.h4+ Kf6 49.c6 Ke7
50.Qg5+ Kf7 51.Qe3 g5 52.hxg5 Kg6 53.Qe6+ Kg7 54.Qd7+  1-0

[Event "TCh-NED Meesterklasse 2012-13"]
[Site "Netherland NED"]
[Date "2012.11.24"]
[Round "4.9"]
[White "Ris,R"]
[Black "Mostertman,M"]
[Result "1/2-1/2"]
[WhiteElo "2394"]
[BlackElo "2256"]

1.c4 Nf6 2.g3 e6 3.Bg2 d5 4.d4 Be7 5.Nf3 O-O 6.Nc3 c5 7.cxd5 Nxd5 8.O-O Nc6
9.Nxd5 exd5 10.dxc5 Bxc5 11.Bg5 f6 12.Rc1 Bb6 13.Bf4 Be6 14.Qa4 Qe7 15.Rfd1 Bf7
16.Re1 Rfe8 17.Rcd1 Rad8 18.Bd2 Qe4 19.Qa3 Qf5 20.Bc1 d4 21.Qa4 Qb1 22.b3 Qc2
23.Rd2 Qf5 24.Rdd1 Qc2 25.Rd2 Qf5  1/2-1/2

[Event "TCh-AUT 2 Mitte 2012-13"]
[Site "Gleisdorf AUT"]
[Date "2012.11.25"]
[Round "5.5"]
[White "Schrittwieser,H"]
[Black "Detter,P"]
[Result "1/2-1/2"]
[WhiteElo "2201"]
[BlackElo "2082"]

1.Nf3 d5 2.c4 e6 3.g3 Nf6 4.Bg2 Be7 5.d4 O-O 6.O-O dxc4 7.Qc2 a6 8.a4 Bd7
9.Qxc4 Bc6 10.Nc3 b5 11.Qd3 b4 12.Nb1 Be4 13.Qc4 Bd5 14.Qc2 Be4 15.Qd1 c5
16.Nbd2 Bb7 17.dxc5 Nbd7 18.Nc4 Nxc5 19.Bd2 a5 20.Nfe5 Bxg2 21.Kxg2 Qc7 22.f3 Rfd8
23.Qc2 Ncd7 24.Nxd7 Rxd7 25.Bf4 Bd6 26.Bxd6 Rxd6 27.Rfd1 Rad8 28.Rxd6 Rxd6
29.Rc1 Rc6 30.b3 Nd5 31.Qd3 h6 32.Rd1 Qa7 33.Qd4 Qxd4 34.Rxd4 Rc5 35.e4 Nc3
36.Rd8+ Kh7 37.Ra8 Nxa4 38.Rxa5 Rxa5 39.Nxa5 Nc5 40.Kf2 e5 41.Ke3 Kg6 42.Kd2 f5
43.exf5+ Kxf5 44.Ke3 h5 45.h4 g5 46.hxg5 Kxg5 47.Nc6 Kf5 48.Nxb4 Nxb3 49.Nd3 Nd4
50.Nc5 Nc2+ 51.Kf2 Nd4 52.Ne4 Nc2 53.Nd6+ Ke6 54.Ne4 Kf5 55.Nd2 Nd4 56.Kg2 Kg5
57.Kf2 Kf5 58.Ke3 Nc2+ 59.Kd3 Nd4 60.Ke3 Nc2+ 61.Kf2 Nd4 62.Ne4 Nc2 63.Nc5 Nd4
64.Kg2 Kf6 65.Nd3 Kf5 66.Nf2 Kf6 67.Nh3 Kf5 68.Kf2 Nc2 69.Ke2 Nd4+ 70.Ke3 Nc2+
71.Kd3 Nd4 72.Ke3 Nc2+ 73.Kf2 Nd4 74.Ng1 e4 75.fxe4+ Kxe4 76.Nh3 Nf5 77.Nf4 Nxg3
78.Kxg3 h4+ 79.Kxh4 Kxf4  1/2-1/2

[Event "17th Bora Kostic Mem"]
[Site "Vrsac SRB"]
[Date "2012.11.27"]
[Round "7.2"]
[White "Georgiev,Ki"]
[Black "Svetushkin,D"]
[Result "0-1"]
[WhiteElo "2660"]
[BlackElo "2589"]

1.d4 Nf6 2.c4 e6 3.Nf3 d5 4.g3 Be7 5.Bg2 O-O 6.O-O dxc4 7.Qa4 a6 8.Qxc4 b5
9.Qc2 Bb7 10.Bd2 Be4 11.Qc1 Bb7 12.Bf4 Bd6 13.Nbd2 Nd5 14.Nb3 Nxf4 15.gxf4 Nd7
16.e3 Rc8 17.Qc2 Bxf3 18.Bxf3 c5 19.Qe2 g5 20.fxg5 Qxg5+ 21.Bg2 Kh8 22.f4 Qh4
23.Rad1 Nf6 24.Kh1 Rg8 25.Bf3 c4 26.Nd2 Nd5 27.Ne4 Be7 28.Rg1 Rg6 29.Nf2 Rcg8
30.Be4 f5 31.Bf3 Nxe3 32.Qxe3 Bd6 33.Rxg6 Rxg6 34.Bh5 Qxh5 35.Rg1 Rxg1+ 36.Kxg1 Kg7
37.Kg2 Kf6 38.h3 Qg6+ 39.Kf3 Qg8 40.Ke2 Qg2 41.b3 h5 42.bxc4 bxc4 43.Qf3 Qxf3+
44.Kxf3 Ke7 45.Nd1 Kd7 46.Ne3 c3 47.Nc2 Kc6 48.Ke3 a5 49.Kd3 Bxf4 50.Kxc3 Kd5
51.Kd3 Bc1 52.a4 h4 53.Ne1 Bb2 54.Nf3 f4 55.Nxh4 Bxd4 56.Ng6 e5 57.Ne7+ Ke6
58.Nc6 f3 59.Kd2 Bb6  0-1

[Event "62nd ch-GRE 2012"]
[Site "Athens GRE"]
[Date "2012.11.29"]
[Round "6"]
[White "Nikolaou,G"]
[Black "Galopoulos,N"]
[Result "1/2-1/2"]
[WhiteElo "2232"]
[BlackElo "2372"]

1.c4 Nf6 2.Nf3 e6 3.g3 d5 4.Bg2 Be7 5.d4 O-O 6.Qc2 dxc4 7.Qxc4 a6 8.Qc2 b5
9.Ne5 Ra7 10.O-O Bb7 11.e4 Qxd4 12.Be3 Qxe5 13.Bxa7 c5 14.Bxb8 Rxb8 15.Nd2 c4
16.Rac1 Rc8 17.Rfe1 Bc5 18.Nf3 Qb8 19.Re2 Qa8 20.e5 Bxf3 21.Bxf3 Qxf3 22.exf6 Qxf6
23.Qe4 Rd8 24.Qc6 Qg5 25.Rcc2 h5 26.Qe4 h4 27.Qxh4 Qxh4 28.gxh4 Bd4 29.Kg2 Rd5
30.Re4 Bf6 31.a4 Rd3 32.axb5 axb5 33.Re3 Rd4 34.b3 Rg4+ 35.Kf3 Rxh4 36.bxc4 bxc4
37.Re4 Rxe4 38.Kxe4 c3 39.f3 Kh7 40.Kf4 Kh6 41.Kg4 Bd4 42.Kh4 Kg6 43.Kg4 f5+
44.Kg3 e5 45.Ra2 Be3 46.Ra6+ Kg5 47.h4+ Kh5 48.Rc6 Bd2 49.Rc5 Kg6 50.Rc6+ Kh5
51.Rc5 g6 52.Rc8 Be1+ 53.Kh3 Kh6 54.Rc4 Bd2 55.Kg2 Kh5 56.Kg3 e4 57.fxe4 fxe4
58.Rc5+ Kh6 59.Kf2 Kg7 60.Rc6  1/2-1/2

[Event "Vietnam National Masters Men 2012"]
[Site "Ho Chi Minh City VIE"]
[Date "2012.11.29"]
[Round "1.6"]
[White "Nguyen Van Hai"]
[Black "Doan Van Duc"]
[Result "1-0"]
[WhiteElo "2356"]
[BlackElo "2116"]

1.d4 Nf6 2.g3 e6 3.Bg2 d5 4.Nf3 Be7 5.c4 O-O 6.O-O dxc4 7.Qc2 a6 8.Qxc4 b5
9.Qc2 Bb7 10.Bd2 Ra7 11.Rc1 Be4 12.Qb3 Nc6 13.e3 Qa8 14.Qd1 b4 15.Be1 Bd5
16.Nbd2 Rc8 17.Nh4 Nb8 18.Bxd5 Qxd5 19.Ng2 Nbd7 20.Nb3 e5 21.dxe5 Nxe5 22.Qxd5 Nxd5
23.Rc2 c5 24.Rd1 Rd7 25.e4 Nb6 26.Rxd7 Nexd7 27.Ne3 f6 28.f4 Kf7 29.Na5 g5
30.Kg2 gxf4 31.gxf4 Rg8+ 32.Bg3 Rc8 33.Kf3 Bf8 34.b3 Nb8 35.Be1 Be7 36.Nf5 Bf8
37.Bf2 N8d7 38.Be3 Rc7 39.h4 Ke8 40.h5 Kf7 41.Bf2 Ke8 42.Be1 Ra7 43.Ne3 Ra8
44.Rd2 Rc8 45.Bg3 Kf7 46.Kg4 Ke8 47.Kf5 Kf7 48.Nec4 Rc7 49.e5 Nxc4 50.Nxc4 Nb8
51.e6+ Ke7 52.Bh4 Ke8 53.Bxf6 Nc6 54.Nd6+ Bxd6 55.Rxd6 a5 56.Kg5 a4 57.f5 axb3
58.axb3 c4 59.bxc4 b3 60.Bb2 Na5 61.f6 Rc5+ 62.Rd5 Rxd5+ 63.cxd5 Nc4 64.f7+ Ke7
65.Bg7  1-0

[Event "17th Bora Kostic Mem"]
[Site "Vrsac SRB"]
[Date "2012.11.30"]
[Round "10.2"]
[White "Cvitan,O"]
[Black "Sedlak,N"]
[Result "1/2-1/2"]
[WhiteElo "2535"]
[BlackElo "2572"]

1.d4 Nf6 2.c4 e6 3.Nf3 d5 4.g3 Be7 5.Bg2 O-O 6.O-O dxc4 7.Qc2 a6 8.Qxc4 b5
9.Qc2 Bb7 10.Bg5 Nbd7 11.Bxf6 Nxf6 12.Nbd2 Rc8 13.Nb3 Be4 14.Qc3 Nd5 15.Qc1 c5
16.Nxc5 Bxc5 17.dxc5 Qe7 18.Qd2 Rxc5 19.Rfc1 h6 20.Ne1 Bxg2 21.Kxg2 Qb7 22.Kg1 Rfc8
23.Nd3 Rc4 24.Ne5 R4c5 25.Nd3 Rc4 26.Ne5 Rxc1+ 27.Rxc1 Rc7 28.a3 Qc8 29.Rxc7 Qxc7
30.Nd3 Qc4  1/2-1/2

[Event "Frau Bundesliga Div1 2012-13"]
[Site "Germany GER"]
[Date "2012.12.01"]
[Round "3.5"]
[White "Straub,N"]
[Black "Voiska,M"]
[Result "1/2-1/2"]
[WhiteElo "2210"]
[BlackElo "2298"]

1.d4 Nf6 2.c4 e6 3.g3 d5 4.Nf3 Be7 5.Bg2 O-O 6.O-O c6 7.Qc2 b6 8.Rd1 Bb7
9.Nbd2 Na6 10.e4 Rc8 11.b3 Rc7 12.Bb2 Qa8 13.a3 c5 14.cxd5 exd5 15.e5 Ne4
16.Qd3 Rfc8 17.Rac1 Nb8 18.Qe3 Nxd2 19.Qxd2 c4 20.b4 Bc6 21.h4 Bd7 22.Nh2 Qc6
23.Nf1 Be6 24.Ne3 Qd7 25.f4 f5 26.Bc3 b5 27.Qf2 Nc6 28.g4 g6 29.gxf5 gxf5
30.Kh2 Kh8 31.Bf3 Bf8 32.Kh3 Bh6 33.Bh1 Rg8 34.Qf3 Ne7 35.Rg1 Rcc8 36.Kh2 Ng6
37.Ng2 Ne7 38.Ne3 Ng6 39.Ng2 Qd8 40.Be1 Ne7 41.Bg3  1/2-1/2

[Event "XXVI Belgrade Trophy 2012"]
[Site "Belgrade SRB"]
[Date "2012.12.02"]
[Round "9.35"]
[White "Tisma,I"]
[Black "Bojanic,D"]
[Result "1/2-1/2"]
[WhiteElo "2152"]
[BlackElo "1990"]

1.Nf3 d5 2.d4 Nf6 3.c4 e6 4.g3 Be7 5.Bg2 O-O 6.O-O Nbd7 7.Qc2 b6 8.Rd1 Bb7
9.b3 c5 10.dxc5 Bxc5 11.cxd5 Bxd5 12.Nc3 Rc8 13.Qd3 Bxf2+ 14.Kxf2 Rxc3 15.Qa6 Qc7
16.Ba3 Nc5 17.Qb5 Ng4+ 18.Kg1 Ne3 19.Rdc1 Nc2 20.Rxc2 Rxc2 21.Nd4 Rd2 22.Qb4 Rxd4
23.Qxd4 Bxg2 24.Kxg2 Rd8 25.Qe3 Qc6+ 26.Kg1 Qe4  1/2-1/2

[Event "TCh-AUT 2 West 2012-13"]
[Site "Rum AUT"]
[Date "2012.12.02"]
[Round "6.4"]
[White "Bezler,R"]
[Black "Loeffler,C"]
[Result "1-0"]
[WhiteElo "2227"]
[BlackElo "2166"]

1.d4 d5 2.c4 e6 3.Nf3 Nf6 4.g3 Be7 5.Bg2 O-O 6.O-O dxc4 7.Qc2 a6 8.Qxc4 b5
9.Qc2 Bb7 10.Bd2 Bd5 11.Qc1 b4 12.Bg5 Nbd7 13.Nbd2 Bb7 14.Nb3 a5 15.Rd1 Ra6
16.Ne5 Bxg2 17.Kxg2 Qa8+ 18.Kg1 Bd6 19.Nxd7 Nxd7 20.Qe3 e5 21.dxe5 Nxe5 22.Nc5 Nc4
23.Qd4 Bxc5 24.Qxc4 Rc6 25.Qd3 Qa7 26.Qf3 Re6 27.Rac1 h6 28.Bf4 g5 29.Rd5 Bxf2+
30.Qxf2 Qxf2+ 31.Kxf2 gxf4 32.Rxa5 Rfe8 33.Rc2 fxg3+ 34.hxg3 Rf6+ 35.Ke1 Rg6
36.Rb5 Re4 37.Kf2 Rf6+ 38.Kg2 Rfe6 39.Kf3 Kg7 40.b3 c6 41.Rbc5 Kg6 42.R5c4 f5
43.Rxe4 fxe4+ 44.Kf4 Rf6+ 45.Kxe4 Kg5 46.Rc4 c5 47.Kd5 Rf2 48.e4 Rxa2 49.e5 Rd2+
50.Kxc5 Kf5 51.Rxb4 Kxe5 52.Rh4 Rd3 53.b4 Rxg3 54.Rxh6 Rc3+ 55.Kb6 Kd5 56.b5 Rb3
57.Rc6 Rb1 58.Ka6 Rb2 59.Rc1 Kd6 60.b6 Kd7 61.b7 Ra2+ 62.Kb6 Rb2+ 63.Ka7 Ra2+
64.Kb8 Re2 65.Ra1 Kc6 66.Ka8  1-0

[Event "4th London Classic Open"]
[Site "London ENG"]
[Date "2012.12.03"]
[Round "3"]
[White "Kalerwa,Edwin M"]
[Black "Wan Nawawi,W"]
[Result "0-1"]
[WhiteElo "1783"]
[BlackElo "2001"]

1.Nf3 Nf6 2.c4 e6 3.g3 d5 4.Bg2 Be7 5.d4 O-O 6.Nbd2 c5 7.e3 Nc6 8.a3 b6 9.O-O Ba6
10.b3 cxd4 11.exd4 Rc8 12.Re1 dxc4 13.Nxc4 Bxc4 14.bxc4 Na5 15.Ne5 Nd7 16.Ng4 Nxc4
17.Bb7 Rc7 18.Ba6 Nb8 19.Bb5 a6 20.Ba4 Nc6 21.Bf4 Bd6 22.Ne5 Bxe5 23.dxe5 Qxd1
24.Rexd1 Nb2 25.Bxc6 Nxd1 26.Bf3 Nc3 27.Rc1 Nb5 28.Rb1 Rc3 29.Be2 Rxa3 30.Bxb5 axb5
31.Rxb5 Rb8 32.Be3 Ra5 33.Rb4 b5 34.Kf1 Ra4 35.Rb3 Kf8 36.Bc5+ Ke8 37.Bd6 Rb7
38.Ke2 Kd7 39.h3 Kc6 40.Kd3 Kd5 41.f3 Rd4+ 42.Ke3 Rc4 43.Kd3 Kc6 44.f4 Kb6
45.Bf8 g6 46.Bd6 Ka5 47.Ra3+ Ra4 48.Rc3 b4 49.Rc5+ Ka6 50.Kc2 b3+ 51.Kb1 b2  0-1

[Event "Vietnam National Masters Men 2012"]
[Site "Ho Chi Minh City VIE"]
[Date "2012.12.05"]
[Round "9.3"]
[White "Nguyen Van Huy"]
[Black "Nguyen Thanh Nghia"]
[Result "1-0"]
[WhiteElo "2505"]
[BlackElo "2114"]

1.d4 d5 2.Nf3 Nf6 3.c4 e6 4.g3 Be7 5.Bg2 O-O 6.O-O b6 7.cxd5 exd5 8.Nc3 Bb7
9.Ne5 Nbd7 10.Qa4 Nxe5 11.dxe5 Nd7 12.Nxd5 Nc5 13.Qd1 c6 14.Nc3 Qc7 15.f4 Rfd8
16.Qc2 Ne6 17.Be3 c5 18.Bxb7 Qxb7 19.Qe4 Qxe4 20.Nxe4 Nd4 21.Kf2 Rd7 22.Rfd1 Rad8
23.Rd2 Nc6 24.Rad1 Rxd2 25.Rxd2 Rxd2 26.Nxd2 f6 27.exf6 Bxf6 28.Nc4 Kf7 29.Bc1 Ke6
30.a4 Kd5 31.b3 Bc3 32.e3 Ke4 33.Ke2 Bf6 34.Nd2+ Kf5 35.h3 h5 36.e4+ Ke6
37.Kd3 Bd4 38.Nf3 Bf2 39.f5+ Kf7 40.g4 hxg4 41.hxg4 Na5 42.Kc2 a6 43.Ne5+ Ke7
44.Nc4  1-0

[Event "Vietnam National Masters Men 2012"]
[Site "Ho Chi Minh City VIE"]
[Date "2012.12.05"]
[Round "9.6"]
[White "Ton,T"]
[Black "Bao Khoa"]
[Result "1/2-1/2"]
[WhiteElo "2209"]
[BlackElo "2279"]

1.d4 d5 2.c4 e6 3.g3 Nf6 4.Nf3 Be7 5.Bg2 c6 6.Qc2 O-O 7.O-O a6 8.b3 b5 9.Nbd2 Bb7
10.e4 dxe4 11.Nxe4 Nbd7 12.Bf4 c5 13.Nd6 Bc6 14.cxb5 Bxb5 15.Nxb5 axb5  1/2-1/2

[Event "5th Kolkata Open"]
[Site "Kolkata IND"]
[Date "2012.12.09"]
[Round "7"]
[White "Ganguly,S"]
[Black "Shyam,SM"]
[Result "1/2-1/2"]
[WhiteElo "2630"]
[BlackElo "2484"]

1.d4 Nf6 2.c4 e6 3.g3 d5 4.Nf3 Be7 5.Bg2 O-O 6.O-O dxc4 7.Qc2 a6 8.Qxc4 b5
9.Qc2 Bb7 10.Bd2 Bd6 11.a3 Nbd7 12.Ba5 Qb8 13.b4 e5 14.dxe5 Nxe5 15.Nbd2 Nc6
16.Nb3 Rc8 17.Bh3 Re8 18.Rac1 Qa7 19.Rfd1 Re4 20.Bg2 Rc4 21.Qd3 Ng4 22.Nfd4 Nge5
23.Qd2  1/2-1/2

[Event "Lleida IM Closed 2012"]
[Site "Lleida ESP"]
[Date "2012.12.09"]
[Round "5.3"]
[White "Trepat Herranz,J"]
[Black "Barbero Senidic,A"]
[Result "1/2-1/2"]
[WhiteElo "2281"]
[BlackElo "2348"]

1.d4 d5 2.c4 e6 3.Nf3 Be7 4.g3 Nf6 5.Bg2 O-O 6.O-O Ne4 7.Nc3 f5 8.Qc2 c6
9.Rb1 Nd7 10.b4 Bf6 11.e3 Nb6 12.c5 Nxc3 13.Qxc3 Nc4 14.Nd2 Nxd2 15.Bxd2 Qe8
16.f4 h6 17.a4 g5 18.Bf3 Bd7 19.Qd3 g4 20.Be2 h5 21.Kf2 Rf7 22.h4 Qd8 23.Kg2 a6
24.Rfc1 Rh7 25.Be1 Qe8 26.Qb3 Kg7 27.Rc2 Kg6 28.Rcb2 Bd8 29.Bd3 Bc8 30.Qc2 Rf7
31.Ra2 Bc7 32.Qe2 Kh6 33.Rba1 Kg6 34.Bc3 Kh6  1/2-1/2

[Event "5th Kolkata Open"]
[Site "Kolkata IND"]
[Date "2012.12.11"]
[Round "9.15"]
[White "Ganguly,S"]
[Black "Thejkumar,M"]
[Result "1-0"]
[WhiteElo "2630"]
[BlackElo "2442"]

1.d4 d5 2.c4 e6 3.Nf3 Nf6 4.g3 Be7 5.Bg2 O-O 6.O-O dxc4 7.Qc2 b5 8.a4 b4
9.Nfd2 c6 10.Nxc4 Qxd4 11.b3 Qc5 12.Bb2 Ba6 13.Nbd2 Qh5 14.Rfd1 Rd8 15.Bf3 Qg6
16.Ne4 Rxd1+ 17.Rxd1 Nbd7 18.Bxf6 Nxf6 19.Ne5 Qf5 20.Nxc6 Bf8 21.Nd4 Rc8
22.Qxc8  1-0

[Event "XXII Elgoibar Masters"]
[Site "Elgoibar ESP"]
[Date "2012.12.13"]
[Round "3.4"]
[White "Batsiashvili,N"]
[Black "Cruz,Cr"]
[Result "0-1"]
[WhiteElo "2425"]
[BlackElo "2496"]

1.Nf3 Nf6 2.c4 e6 3.g3 d5 4.Bg2 Be7 5.d4 O-O 6.O-O dxc4 7.Qc2 a6 8.a4 Bd7
9.Qxc4 Bc6 10.Bf4 Bd6 11.Rd1 Bd5 12.Qc1 Nc6 13.Nc3 Bb3 14.Rf1 Bd5 15.Rd1 Bb3
16.Rf1 Bd5 17.Rd1 h6 18.Nxd5 exd5 19.Ne5 Ne7 20.f3 c6 21.e4 Re8 22.Nd3 dxe4
23.fxe4 Bxf4 24.Nxf4 Qb6 25.a5 Qa7 26.h3 Rad8 27.Qe3 Nf5 28.Qf2 Nxe4 29.Bxe4 Rxe4
30.d5 Qxf2+ 31.Kxf2 cxd5 32.Nxd5 Rc8 33.Rd2 Kh7 34.Rad1 Rc5 35.g4 Nh4 36.b4 Rcc4
37.Rb2 Ng6 38.b5 Rc5 39.bxa6 bxa6 40.Rb7 Re6 41.Rxf7 Rd6 42.Rf5 Ne7 43.Nf6+ Rxf6
44.Rxf6 gxf6 45.Rd7 Re5 46.Rd6 Rxa5 47.Rxf6 Kg7 48.Rd6 Ra2+ 49.Ke3 Ng6 50.Rc6 Ra3+
51.Kf2 Rxh3 52.Rxa6 Ne5 53.Ra4 Kg6 54.Ra6+ Kg5 55.Ra5 Kf4 56.Ra4+ Kg5 57.Ra5 Kf6
58.Ra6+ Kg7 59.Ra7+ Nf7 60.Ra6 Rd3 61.Re6 Rd6 62.Re8 Kf6 63.Rg8 Rd8  0-1

[Event "ch-CZE KO Blitz H18 2012"]
[Site "Prague CZE"]
[Date "2012.12.15"]
[Round "1.2"]
[White "Balacek,T"]
[Black "Pulpan,J"]
[Result "0-1"]
[WhiteElo "2216"]
[BlackElo "2099"]

1.d4 Nf6 2.c4 e6 3.g3 d5 4.Bg2 Be7 5.Nf3 O-O 6.O-O dxc4 7.Na3 Bxa3 8.bxa3 Bd7
9.Qc2 Bc6 10.Qxc4 Bd5 11.Qc2 Be4 12.Qd1 Nc6 13.Bb2 Qd7 14.Rc1 Rad8 15.e3 Bd5
16.Qe2 a6 17.Ba1 b5 18.Rfd1 Qd6 19.Ne5 Bxg2 20.Kxg2 Na5 21.e4 Nc4 22.Nxc4 bxc4
23.Rxc4 Qxa3 24.Rxc7 Qa4 25.Rc2 e5 26.dxe5 Rxd1 27.exf6 Rxa1 28.Qg4 g6 29.Qf4 Qxc2
30.Qh6 Qxe4+ 31.f3 Rxa2+  0-1

[Event "Amplico ch-EUR Rapid"]
[Site "Warsaw POL"]
[Date "2012.12.15"]
[Round "4.16"]
[White "Drozdowski,K"]
[Black "Fedoseev,Vl3"]
[Result "1-0"]
[WhiteElo "2426"]
[BlackElo "2514"]

1.d4 e6 2.c4 Nf6 3.Nf3 d5 4.g3 Be7 5.Bg2 O-O 6.O-O dxc4 7.Qc2 a6 8.Qxc4 b5
9.Qc2 Bb7 10.Bf4 Nc6 11.e3 Nb4 12.Qe2 c5 13.dxc5 Bxc5 14.Rd1 Nbd5 15.Be5 Qb6
16.Nc3 Rfd8 17.a4 Nxc3 18.Bxc3 bxa4 19.Rxd8+ Rxd8 20.Rxa4 Qd6 21.Nd4 Nd5
22.Ba5 Rc8 23.h4 Ba7 24.Bd2 Qb6 25.b4 e5 26.Nf5 Qe6 27.e4 Nc3 28.Bxc3 Rxc3
29.b5 g6 30.Qd2 Rc8 31.bxa6 Bc6 32.Nh6+ Kg7 33.Ra1 Bd4 34.Rc1 Ra8 35.Nf5+ gxf5
36.exf5 Qxf5 37.Rxc6 Rb8 38.Kh2 Bxf2 39.Qh6+ Kg8 40.Qg5+ Qxg5 41.hxg5 Rb3
42.Bd5 Rd3 43.Bxf7+ Kg7 44.Be6 Rd2 45.Bf5 Kf8 46.Kh3 Bg1 47.a7 Rh2+ 48.Kg4 h5+
49.gxh6 Bxa7 50.Rc8+ Ke7 51.Rc7+ Kd8 52.Rxa7 Rxh6 53.Ra5 Ke7 54.Rxe5+ Kf7
55.Kg5 Rb6 56.g4 Kf8 57.Ra5 Rb7 58.Ra8+ Kg7 59.Rd8 Rb6 60.Rd7+ Kf8 61.Ra7 Rd6
62.Kf4 Rb6 63.g5 Rc6 64.g6 Rb6 65.Kg5 Rd6 66.Ra8+ Kg7 67.Ra7+ Kf8 68.Kh6 Ke8
69.Ra8+ Ke7 70.Kg5  1-0

[Event "15th Padova Open 2012"]
[Site "Padova ITA"]
[Date "2012.12.16"]
[Round "1.2"]
[White "Lantini,M"]
[Black "Burmakin,V"]
[Result "0-1"]
[WhiteElo "2186"]
[BlackElo "2558"]

1.d4 d5 2.c4 e6 3.Nf3 Be7 4.g3 Nf6 5.Bg2 O-O 6.O-O b6 7.Nbd2 Bb7 8.b3 c5
9.dxc5 bxc5 10.Ne5 Qc7 11.Ndf3 Bd6 12.Bb2 d4 13.Nd3 e5 14.Nde1 a5 15.a4 Qb6
16.Nc2 Bxf3 17.Bxf3 e4 18.Bg2 Qxb3 19.Qb1 Qxc4  0-1

[Event "15th Padova Open 2012"]
[Site "Padova ITA"]
[Date "2012.12.18"]
[Round "3.6"]
[White "Del Monaco,A"]
[Black "Naumkin,I"]
[Result "0-1"]
[WhiteElo "2247"]
[BlackElo "2500"]

1.Nf3 Nf6 2.c4 e6 3.g3 d5 4.d4 Be7 5.Bg2 O-O 6.O-O dxc4 7.Qc2 a6 8.Qxc4 b5
9.Qc2 Bb7 10.Bg5 Nbd7 11.Bxf6 Nxf6 12.Nbd2 Rc8 13.Nb3 Be4 14.Qd1 Nd7 15.Ne1 Bxg2
16.Kxg2 e5 17.d5 Nf6 18.Nf3 Qd6 19.Rc1 Nxd5 20.Nc5 Rfd8 21.Qb3 Qb6 22.Rfd1 c6
23.e4 Bxc5 24.exd5 Bd4 25.dxc6 Rxc6 26.Rc2 Rxc2 27.Qxc2 Qb7 28.Qe2 Qd5 29.Re1 h6
30.b3 Bc3 31.Rc1 b4 32.Kg1 e4 33.Nh4 g6 34.Ng2 Qd2 35.Qxd2 Rxd2 36.Ne3 Rxa2
37.Nd5 Bd4  0-1

[Event "19th Zadar Open A"]
[Site "Zadar CRO"]
[Date "2012.12.20"]
[Round "7.12"]
[White "Kreisl,R"]
[Black "Petrusic,T"]
[Result "1-0"]
[WhiteElo "2419"]
[BlackElo "2246"]

1.Nf3 d5 2.d4 e6 3.c4 Be7 4.g3 Nf6 5.Bg2 dxc4 6.O-O O-O 7.Qc2 a6 8.a4 Bd7
9.Rd1 Bc6 10.Nc3 Bxf3 11.Bxf3 Nc6 12.Bxc6 bxc6 13.Bg5 a5 14.e3 Rb8 15.Rab1 Nd5
16.Bxe7 Qxe7 17.Ne4 Rb4 18.Nd2 Nb6 19.b3 cxb3 20.Rxb3 Nxa4 21.Ra1 Nb6 22.Rxa5 Rxb3
23.Nxb3 Qb4 24.Rc5 Rb8 25.Nd2 Nd5 26.Rxc6 Qa3 27.e4 Rb2 28.Qc1 Qa2 29.exd5 Rxd2
30.Rxc7 h6 31.dxe6 Rxf2 32.exf7+ Kh7 33.f8=N+ Kh8 34.Ng6+ Kh7 35.Nh4  1-0

[Event "World Cities Team GpB"]
[Site "Al-Ain UAE"]
[Date "2012.12.22"]
[Round "1.6"]
[White "Beliavsky,A"]
[Black "Lysyj,I"]
[Result "1/2-1/2"]
[WhiteElo "2630"]
[BlackElo "2617"]

1.d4 Nf6 2.c4 e6 3.g3 d5 4.Bg2 Be7 5.Nf3 O-O 6.O-O dxc4 7.Qc2 a6 8.a4 Bd7
9.Qxc4 Bc6 10.Bg5 Bd5 11.Qd3 c5 12.dxc5 Nbd7 13.Nc3 Nxc5 14.Qe3 Qb6 15.a5 Qb4
16.Nxd5 Nxd5 17.Qa3 Bxg5 18.Qxb4 Nxb4 19.Nxg5 Rab8 20.Ra3 b6 21.Rc1 Nd7 22.Ne4 bxa5
23.Rxa5 Rfc8 24.Rc3 Nf6 25.Rxc8+ Rxc8 26.Nc5 g6 27.e3 Rd8 28.Ra4 Nd3 29.Nxd3 Rxd3
30.Bf1 Rb3 31.Ra2 a5 32.Bc4 Rb4 33.b3 Ne4 34.Rxa5  1/2-1/2